A panorama of hungarian mathematics in the twentieth century I (Record no. 7078)

MARC details
000 -LEADER
fixed length control field 00501 a2200169 4500
001 - CONTROL NUMBER
control field 132726
003 - CONTROL NUMBER IDENTIFIER
control field OSt
005 - DATE AND TIME OF LATEST TRANSACTION
control field 20220214111426.0
008 - FIXED-LENGTH DATA ELEMENTS--GENERAL INFORMATION
fixed length control field
082 ## - DEWEY DECIMAL CLASSIFICATION NUMBER
Classification number 510
Item number P19P
245 1# - TITLE STATEMENT
Title A panorama of hungarian mathematics in the twentieth century I
Statement of responsibility, etc edited by Janos Horvath
260 ## - PUBLICATION, DISTRIBUTION, ETC. (IMPRINT)
Place of publication, distribution, etc Berlin
Name of publisher, distributor, etc Springer/JBMS
Date of publication, distribution, etc 2006
300 ## - PHYSICAL DESCRIPTION
Extent 639p.
690 ## - LOCAL SUBJECT ADDED ENTRY--TOPICAL TERM (OCLC, RLIN)
Topical term or geographic name as entry element Mathematics; Hungary; Distribution (Probability theory)
700 ## - ADDED ENTRY--PERSONAL NAME
Personal name Horvath, Janos
Relator term Editor
942 ## - ADDED ENTRY ELEMENTS (KOHA)
Source of classification or shelving scheme Dewey Decimal Classification
Koha item type Books
Holdings
Withdrawn status Lost status Source of classification or shelving scheme Damaged status Not for loan Home library Current library Date acquired Source of acquisition Full call number Barcode Date last seen Price effective from Koha item type
    Dewey Decimal Classification     Central University Of Rajasthan Central University Of Rajasthan 28/06/2012 MTH 510 P19P 10257 21/11/2024 02/09/2020 Books